[Event "Titled Tuesday intern op 22nd Aug Early"]
[Site "Chess.com INT"]
[Date "2023.08.22"]
[Round "4"]
[White "Girsh, Daniel"]
[Black "Sun, Rick"]
[Result "1-0"]
[WhiteElo "2200"]
[BlackElo "2139"]
[PlyCount "123"]
[EventDate "2023.08.22"]
[EventType "swiss (blitz)"]
[EventRounds "11"]
[EventCountry "USA"]
[SourceTitle "EXT 2024"]
[Source "ChessBase"]
[SourceDate "2023.10.10"]
[SourceVersion "1"]
[SourceVersionDate "2023.10.10"]
[SourceQuality "1"]

1. c4 d6 2. d4 Nf6 3. Nc3 g6 4. e4 Bg7 5. Be2 0-0 6. Nf3 e5 7. 0-0 Nc6 8. Be3 exd4 9. Nxd4 Re8 10. f3 Bd7 11. Qd2 Nh5 12. Rad1 Qh4 13. Nxc6 bxc6 14. Bf2 Qe7 15. c5 Be5 16. g3 Bh3 17. Rfe1 Rad8 18. cxd6 cxd6 19. f4 Bxc3 20. Qxc3 Qxe4 21. Bf3 Qf5 22. Bxc6 Rxe1+ 23. Rxe1 Nf6 24. Bd4 Nd5 25. Qa5 Nb6 26. Qxf5 Bxf5 27. Re7 Rc8 28. Bf3 Kf8 29. Rxa7 Nc4 30. Ra8 Nd2 31. Rxc8+ Bxc8 32. Bd5 Be6 33. Bxe6 fxe6 34. Kf2 Ke7 35. Ke2 Nc4 36. b3 Na3 37. Kd3 Kd7 38. Bf2 Kc6 39. g4 h5 40. h3 hxg4 41. hxg4 Kd5 42. Be3 Kc6 43. Bc1 Nb5 44. a4 Nc7 45. b4 e5 46. b5+ Kd5 47. fxe5 dxe5 48. Be3 Ne6 49. a5 Nc7 50. b6 Na6 51. Kc3 e4 52. Bf2 Kc6 53. Kc4 Nb8 54. Kd4 Kb5 55. Kxe4 Kxa5 56. Ke5 Nd7+ 57. Ke6 Nb8 58. Kf6 Kb5 59. Kxg6 Kc6 60. g5 Nd7 61. Kf7 Nxb6 62. Bxb6 1-0

[Event "Titled Tuesday intern op 22nd Aug Early"]
[Site "Chess.com INT"]
[Date "2023.08.22"]
[Round "5"]
[White "Khalikov, Bulat"]
[Black "Sun, Rick"]
[Result "1-0"]
[WhiteElo "2171"]
[BlackElo "2139"]
[PlyCount "99"]
[EventDate "2023.08.22"]
[EventType "swiss (blitz)"]
[EventRounds "11"]
[EventCountry "USA"]
[SourceTitle "EXT 2024"]
[Source "ChessBase"]
[SourceDate "2023.10.10"]
[SourceVersion "1"]
[SourceVersionDate "2023.10.10"]
[SourceQuality "1"]

1. e4 d6 2. d4 Nf6 3. Nc3 Nbd7 4. Nf3 e5 5. Bc4 Be7 6. 0-0 0-0 7. a4 c6 8. a5 Qc7 9. Re1 h6 10. d5 Re8 11. a6 b5 12. dxc6 bxc4 13. cxd7 Bxd7 14. Nd5 Nxd5 15. Qxd5 Be6 16. Qb7 Rec8 17. Be3 Qd8 18. Bxa7 Rc7 19. Bb6 Rxb7 20. Bxd8 Rba7 21. Bxe7 Rxe7 22. Red1 Rd7 23. Ra4 Kf8 24. Rda1 Rda7 25. Nd2 Ke7 26. Kf1 Bd7 27. Ra5 Bc8 28. Nxc4 Bxa6 29. Ke1 Rc7 30. Nb6 Rxc2 31. Rxa6 Rxa6 32. Rxa6 Rxb2 33. Nd5+ Kd7 34. Ra7+ Kc6 35. Rc7+ Kb5 36. Rb7+ Kc4 37. Rxb2 Kd4 38. Rb4+ Kc5 39. Rb7 f5 40. f3 fxe4 41. fxe4 Kd4 42. Rb4+ Kc5 43. Ke2 g5 44. Kd3 h5 45. Rb8 g4 46. Rh8 g3 47. hxg3 Kc6 48. Rxh5 Kd7 49. Rh7+ Ke6 50. Re7# 1-0

[Event "Titled Tuesday intern op 22nd Aug Early"]
[Site "Chess.com INT"]
[Date "2023.08.22"]
[Round "1"]
[White "Sun, Rick"]
[Black "Alfaro Caracas, William"]
[Result "1-0"]
[WhiteElo "2139"]
[BlackElo "2105"]
[PlyCount "45"]
[EventDate "2023.08.22"]
[EventType "swiss (blitz)"]
[EventRounds "11"]
[EventCountry "USA"]
[SourceTitle "EXT 2024"]
[Source "ChessBase"]
[SourceDate "2023.10.10"]
[SourceVersion "1"]
[SourceVersionDate "2023.10.10"]
[SourceQuality "1"]

1. e4 c5 2. Nf3 d6 3. d4 cxd4 4. Nxd4 Nf6 5. Nc3 g6 6. Be3 Bg7 7. f3 Nc6 8. Qd2 0-0 9. Bc4 Bd7 10. h4 h5 11. g4 Ne5 12. Bb3 hxg4 13. f4 Nf3+ 14. Nxf3 gxf3 15. 0-0-0 Bg4 16. Rdg1 Qa5 17. f5 Kh7 18. h5 gxh5 19. Kb1 Qe5 20. Bd4 Nxe4 21. Nxe4 Qxd4 22. Qxd4 Bxd4 23. Rxg4 1-0

[Event "Titled Tuesday intern op 22nd Aug Early"]
[Site "Chess.com INT"]
[Date "2023.08.22"]
[Round "8"]
[White "Sun, Rick"]
[Black "Buchenau, Frank"]
[Result "1/2-1/2"]
[WhiteElo "2139"]
[BlackElo "2222"]
[PlyCount "90"]
[EventDate "2023.08.22"]
[EventType "swiss (blitz)"]
[EventRounds "11"]
[EventCountry "USA"]
[SourceTitle "EXT 2024"]
[Source "ChessBase"]
[SourceDate "2023.10.10"]
[SourceVersion "1"]
[SourceVersionDate "2023.10.10"]
[SourceQuality "1"]

1. e4 e6 2. d4 d5 3. exd5 exd5 4. Nf3 Bf5 5. c4 Bxb1 6. Rxb1 Bb4+ 7. Bd2 Bxd2+ 8. Qxd2 Nf6 9. Bd3 dxc4 10. Bxc4 0-0 11. 0-0 Nc6 12. Rbd1 Qd6 13. Nh4 Ng4 14. g3 h6 15. Nf5 Qf6 16. Qf4 Qg5 17. Qf3 Rad8 18. h4 Qh5 19. Be2 g6 20. Qxg4 Qxf5 21. Qxf5 gxf5 22. d5 Ne7 23. Bf3 Rd7 24. Kg2 Rfd8 25. Rc1 f4 26. g4 Ng6 27. Rh1 Ne5 28. g5 Nxf3 29. Kxf3 hxg5 30. hxg5 Rxd5 31. Rxc7 Rxg5 32. Rxb7 a5 33. Kxf4 Rg6 34. Rc1 Rd2 35. Ke3 Rd5 36. Rcc7 Rf5 37. Rb8+ Kg7 38. Rcc8 Re6+ 39. Kd4 Rxf2 40. Rg8+ Kf6 41. Rb3 Rf4+ 42. Kd5 Rf5+ 43. Kd4 Rf4+ 44. Kd5 Rf5+ 45. Kd4 Rf4+ 1/2-1/2

[Event "Titled Tuesday intern op 22nd Aug Early"]
[Site "Chess.com INT"]
[Date "2023.08.22"]
[Round "3"]
[White "Sun, Rick"]
[Black "Harsh, Suresh"]
[Result "0-1"]
[WhiteElo "2139"]
[BlackElo "2324"]
[PlyCount "112"]
[EventDate "2023.08.22"]
[EventType "swiss (blitz)"]
[EventRounds "11"]
[EventCountry "USA"]
[SourceTitle "EXT 2024"]
[Source "ChessBase"]
[SourceDate "2023.10.10"]
[SourceVersion "1"]
[SourceVersionDate "2023.10.10"]
[SourceQuality "1"]

1. d4 g6 2. Nc3 Nf6 3. e4 d5 4. e5 Ne4 5. Bd3 Nxc3 6. bxc3 c5 7. Nf3 Bg7 8. 0-0 0-0 9. Bg5 Nc6 10. Qd2 Bg4 11. Qf4 Bxf3 12. gxf3 f6 13. exf6 exf6 14. Bh6 c4 15. Bxg7 Kxg7 16. Be2 Qb8 17. Qg4 Qc8 18. Rab1 b6 19. Rfe1 h5 20. Qg3 Qd7 21. f4 Kf7 22. Bf3 Ne7 23. Qg2 Rad8 24. a4 Qxa4 25. Rxe7+ Kxe7 26. Re1+ Kd6 27. Bxd5 Rde8 28. Rf1 Qxc2 29. Bb7 Qa4 30. Qd5+ Kc7 31. Rb1 Qd7 32. Qf3 Qg4+ 33. Qxg4 hxg4 34. Bg2 Rb8 35. Bd5 b5 36. Ra1 Kb6 37. Re1 Rbe8 38. Ra1 Rd8 39. Be6 f5 40. Rb1 Kc6 41. Kg2 Rf6 42. d5+ Kc5 43. Ra1 Kb6 44. Rb1 a5 45. f3 gxf3+ 46. Kxf3 Kc5 47. h4 b4 48. cxb4+ axb4 49. Ke3 c3 50. Ra1 Kc4 51. Ra6 b3 52. Rc6+ Kb4 53. Kd3 Rxe6 54. Rxe6 Rxd5+ 55. Ke2 c2 56. Rb6+ Rb5 0-1

[Event "Titled Tuesday intern op 08th Aug Late"]
[Site "Chess.com INT"]
[Date "2023.08.08"]
[Round "8"]
[White "Grigorov, Grigor"]
[Black "Sun, Rick"]
[Result "0-1"]
[WhiteElo "2510"]
[BlackElo "2139"]
[PlyCount "180"]
[EventDate "2023.08.08"]
[EventType "swiss (blitz)"]
[EventRounds "11"]
[EventCountry "USA"]
[SourceTitle "EXT 2024"]
[Source "ChessBase"]
[SourceDate "2023.10.10"]
[SourceVersion "1"]
[SourceVersionDate "2023.10.10"]
[SourceQuality "1"]

1. d4 d6 2. e4 Nf6 3. Bd3 e5 4. c3 Nc6 5. Nf3 Bg4 6. d5 Ne7 7. h3 Bd7 8. c4 g6 9. Nc3 Bg7 10. g4 0-0 11. Be3 c5 12. Qc2 a6 13. Ne2 b5 14. b3 Ne8 15. Ng3 Rb8 16. Kf1 Kh8 17. Kg2 Qc8 18. Rab1 f5 19. Bg5 Bf6 20. Bh6 Bg7 21. Bg5 Bf6 22. exf5 gxf5 23. gxf5 Bxg5 24. Nxg5 Nxf5 25. Nxf5 Bxf5 26. Bxf5 Rxf5 27. Ne6 Ng7 28. Kf1 Rf6 29. Ng5 Rg6 30. Rg1 Qf5 31. Qxf5 Nxf5 32. Rc1 Rf8 33. Ne6 Rxg1+ 34. Kxg1 Rg8+ 35. Kf1 Nd4 36. Nc7 bxc4 37. bxc4 Rg7 38. Ne8 Rd7 39. Rb1 Rd8 40. Nc7 Nf3 41. Rb7 Nd2+ 42. Ke2 Nxc4 43. Ne6 Rg8 44. h4 h6 45. h5 Na3 46. Rd7 Nb5 47. a4 Nc3+ 48. Kd3 Nxd5 49. Rxd6 Nb4+ 50. Ke4 Rg2 51. Rd8+ Kh7 52. Rd7+ Kg8 53. Kf3 Rg1 54. Nxc5 Nc2 55. Ne4 Nd4+ 56. Ke3 Re1+ 57. Kd3 Rd1+ 58. Kc4 Re1 59. Nf6+ Kf8 60. Ra7 Ne6 61. Rxa6 Nf4 62. Ng4 Rc1+ 63. Kb3 Nd3 64. Ka2 Rc2+ 65. Kb3 Rc1 66. Ra8+ Kf7 67. Ra7+ Ke6 68. Nxh6 Kd5 69. Ra5+ Kd4 70. Nf5+ Ke4 71. Nd6+ Kd4 72. Nb5+ Ke4 73. Nc3+ Kf5 74. Ne2 Re1 75. Ng3+ Kg4 76. Rd5 Nf4 77. Rd2 e4 78. a5 e3 79. fxe3 Rxe3+ 80. Kb4 Kxg3 81. Ra2 Nd5+ 82. Kc5 Re5 83. Kd4 Rxh5 84. a6 Nc7 85. a7 Na8 86. Kc4 Rg5 87. Kd4 Kf4 88. Rf2+ Kg3 89. Rf8 Nc7 90. a8Q Nxa8 0-1

[Event "Titled Tuesday intern op 08th Aug Late"]
[Site "Chess.com INT"]
[Date "2023.08.08"]
[Round "11"]
[White "Ibarra Jerez, Jose Carlos"]
[Black "Sun, Rick"]
[Result "1-0"]
[WhiteElo "2563"]
[BlackElo "2139"]
[PlyCount "79"]
[EventDate "2023.08.08"]
[EventType "swiss (blitz)"]
[EventRounds "11"]
[EventCountry "USA"]
[SourceTitle "EXT 2024"]
[Source "ChessBase"]
[SourceDate "2023.10.10"]
[SourceVersion "1"]
[SourceVersionDate "2023.10.10"]
[SourceQuality "1"]

1. e4 d6 2. d4 Nf6 3. Nc3 Nbd7 4. Nf3 e5 5. Bc4 Be7 6. a4 c6 7. 0-0 Qc7 8. Re1 0-0 9. h3 h6 10. Nh4 Re8 11. Nf5 Nf8 12. dxe5 dxe5 13. Qf3 Be6 14. Bd3 Rad8 15. Be3 b6 16. a5 Bxf5 17. exf5 b5 18. Ne4 Nxe4 19. Bxe4 Rd6 20. Qg3 Rf6 21. Red1 Nd7 22. c3 Nc5 23. Bc2 Bd6 24. Rd2 Nb7 25. a6 e4 26. Qg4 Nc5 27. Rad1 Nd7 28. Bd4 Be5 29. Bxa7 Nf8 30. Bc5 Bf4 31. Re2 h5 32. Qxh5 Rh6 33. Qg4 Nh7 34. Rxe4 Rxe4 35. Bxe4 Nf6 36. Qf3 Rh4 37. a7 Qc8 38. Bxc6 Bc7 39. a8Q Qxa8 40. Bxa8 1-0

[Event "Titled Tuesday intern op 08th Aug Late"]
[Site "Chess.com INT"]
[Date "2023.08.08"]
[Round "7"]
[White "Sun, Rick"]
[Black "Mahdavi, Reza"]
[Result "1/2-1/2"]
[WhiteElo "2139"]
[BlackElo "2302"]
[PlyCount "259"]
[EventDate "2023.08.08"]
[EventType "swiss (blitz)"]
[EventRounds "11"]
[EventCountry "USA"]
[SourceTitle "EXT 2024"]
[Source "ChessBase"]
[SourceDate "2023.10.10"]
[SourceVersion "1"]
[SourceVersionDate "2023.10.10"]
[SourceQuality "1"]

1. d4 Nf6 2. Nc3 d5 3. Bf4 e6 4. e3 Bb4 5. Bd3 0-0 6. Nf3 c5 7. dxc5 Qa5 8. 0-0 Nbd7 9. Ne2 Bxc5 10. a3 Be7 11. b4 Qb6 12. c4 dxc4 13. Bxc4 Rd8 14. Qb3 Nf8 15. Rac1 Bd7 16. Ne5 Be8 17. Rc2 a5 18. b5 a4 19. Qb2 Rac8 20. Rfc1 Ne4 21. Nc3 Nxc3 22. Rxc3 Bf6 23. Qb4 Rc5 24. Nd3 Rxb5 25. Bxb5 Bxc3 26. Qxc3 Qxb5 27. Ne5 Bc6 28. Nxc6 bxc6 29. h4 Rc8 30. Be5 f6 31. Bd6 Ng6 32. h5 Qxh5 33. Qc4 Qd5 34. Bb4 Qxc4 35. Rxc4 Ne5 36. Re4 c5 37. Bc3 Nc6 38. Rxe6 Kf7 39. Re4 Ra8 40. Kf1 Nd8 41. Ke2 Ne6 42. f4 g6 43. g4 h5 44. f5 Ng5 45. Rc4 h4 46. Rxc5 h3 47. Rc7+ Kg8 48. Bxf6 Ne4 49. Be5 gxf5 50. gxf5 Ra5 51. Rc8+ Kf7 52. Rc7+ Ke8 53. Bf4 Rxf5 54. Rc8+ Kd7 55. Rh8 Rb5 56. Rxh3 Rb3 57. Rh7+ Ke6 58. Rh6+ Kf7 59. Rh5 Rxa3 60. Rf5+ Ke6 61. Re5+ Kf6 62. Rxe4 Ra1 63. Rb4 a3 64. Ra4 a2 65. Ra6+ Kf5 66. Ra5+ Kg4 67. Rg5+ Kh4 68. Ra5 Rg1 69. Rxa2 Rg2+ 70. Kf3 Rxa2 71. Ke4 Kh5 72. Kf3 Kg6 73. Ke4 Kf7 74. Kf5 Ra5+ 75. Ke4 Ke6 76. Kf3 Ra4 77. Kg4 Rb4 78. Kf3 Kf5 79. Kg3 Ke4 80. Kg4 Rb5 81. Kg3 Rb7 82. Kg4 Rg7+ 83. Kh3 Kf5 84. Kh2 Rg6 85. Kh3 Ke4 86. Kh2 Kf3 87. Kh1 Rg4 88. Kh2 Rh4+ 89. Kg1 Rh5 90. Bh2 Rg5+ 91. Kh1 Rd5 92. Bg1 Kg3 93. Bh2+ Kh3 94. Bg1 Rd1 95. e4 Rd7 96. e5 Re7 97. Bh2 Re6 98. Bf4 Kg4 99. Bh2 Kf3 100. Kg1 Rg6+ 101. Kh1 Re6 102. Kg1 Kg4 103. Kg2 Rb6 104. Kh1 Rb2 105. Bg1 Re2 106. Bh2 Re1+ 107. Bg1 Kf5 108. Kg2 Re2+ 109. Kh1 Rxe5 110. Bh2 Re2 111. Bg1 Kg4 112. Bh2 Kf3 113. Bg1 Re6 114. Bh2 Rh6 115. Kg1 Ke4 116. Kg2 Kf5 117. Kh1 Rg6 118. Bg1 Rg8 119. Bh2 Ke6 120. Bg1 Kd5 121. Bh2 Rh8 122. Kg1 Ke4 123. Kh1 Kf3 124. Kg1 Rd8 125. Bc7 Rd1+ 126. Kh2 Rd2+ 127. Kh1 Rd1+ 128. Kh2 Kf2 129. Bb6+ Kf3 130. Bc7 1/2-1/2

[Event "Titled Tuesday intern op 01st Aug Late"]
[Site "Chess.com INT"]
[Date "2023.08.01"]
[Round "5"]
[White "Khalikov, Bulat"]
[Black "Sun, Rick"]
[Result "1/2-1/2"]
[WhiteElo "2171"]
[BlackElo "2139"]
[PlyCount "129"]
[EventDate "2023.08.01"]
[EventType "swiss (blitz)"]
[EventRounds "11"]
[EventCountry "USA"]
[SourceTitle "EXT 2024"]
[Source "ChessBase"]
[SourceDate "2023.10.10"]
[SourceVersion "1"]
[SourceVersionDate "2023.10.10"]
[SourceQuality "1"]

1. e4 e5 2. Nf3 Nc6 3. d4 exd4 4. Nxd4 Bc5 5. Nxc6 Qf6 6. Qf3 Qxf3 7. gxf3 bxc6 8. h4 h5 9. Rg1 g6 10. Nc3 Rb8 11. b3 Bd4 12. Bb2 Bf6 13. Na4 d6 14. Bc4 Ke7 15. Ke2 Be6 16. Bxe6 Kxe6 17. Rad1 Ne7 18. f4 Rhe8 19. Bxf6 Kxf6 20. f3 Rb5 21. Nb2 Nd5 22. c4 Nc3+ 23. Kd3 Nxd1 24. cxb5 Nxb2+ 25. Kc3 cxb5 26. Kxb2 Rc8 27. Rg5 c6 28. Kc3 Ke6 29. Kb4 Rc7 30. Ka5 Kf6 31. Kb4 Kg7 32. Ka5 f6 33. Rg1 Kf7 34. Rd1 Ke6 35. Kb4 Rd7 36. Rg1 Kf7 37. Rc1 Rc7 38. Rd1 Ke6 39. Rg1 Rg7 40. Ka5 d5 41. Rb1 dxe4 42. fxe4 g5 43. fxg5 fxg5 44. hxg5 Rxg5 45. Ka6 Ke5 46. Kxa7 Kxe4 47. Kb6 b4 48. Kxc6 h4 49. Rh1 Rh5 50. Rh3 Kf4 51. a4 bxa3 52. b4 a2 53. Ra3 h3 54. Rxa2 h2 55. Ra1 h1Q+ 56. Rxh1 Rxh1 57. b5 Rc1+ 58. Kd5 Rd1+ 59. Kc6 Ke5 60. b6 Rc1+ 61. Kd7 Rb1 62. Kc7 Rc1+ 63. Kd7 Rd1+ 64. Kc7 Rc1+ 65. Kd7 1/2-1/2

[Event "Titled Tuesday intern op 04th Jul Late"]
[Site "Chess.com INT"]
[Date "2023.07.04"]
[Round "10"]
[White "Gombocz, Ferenc Jr"]
[Black "Sun, Rick"]
[Result "1-0"]
[WhiteElo "2324"]
[BlackElo "2139"]
[PlyCount "103"]
[EventDate "2023.07.04"]
[EventType "swiss (blitz)"]
[EventRounds "11"]
[EventCountry "USA"]
[SourceTitle "EXT 2024"]
[Source "ChessBase"]
[SourceDate "2023.10.10"]
[SourceVersion "1"]
[SourceVersionDate "2023.10.10"]
[SourceQuality "1"]

1. c4 Nf6 2. g3 g6 3. Bg2 Bg7 4. Nc3 0-0 5. e4 e5 6. Nge2 Nc6 7. 0-0 Nd4 8. d3 d6 9. Nxd4 exd4 10. Ne2 c5 11. h3 Rb8 12. a4 a6 13. a5 b5 14. axb6 Rxb6 15. f4 Bd7 16. g4 Re8 17. Ng3 Qb8 18. g5 Nh5 19. Nxh5 gxh5 20. Qxh5 Rxb2 21. Bxb2 Qxb2 22. f5 Be5 23. f6 Kh8 24. Qxf7 Rg8 25. Qxd7 Rxg5 26. Qe8+ Rg8 27. Qxg8+ Kxg8 28. f7+ Kf8 29. Rab1 Qxb1 30. Rxb1 Kxf7 31. Rb7+ Kg6 32. Ra7 h5 33. Rxa6 Kg5 34. Kf2 Kf4 35. Ra7 Bf6 36. Rf7 Ke5 37. Kf3 d5 38. exd5 h4 39. Kg4 Bd8 40. Be4 Bf6 41. Rxf6 Kxf6 42. Kxh4 Ke5 43. Kg4 Kf6 44. h4 Kg7 45. h5 Kf6 46. h6 Kf7 47. h7 Kg7 48. d6 Kh8 49. d7 Kg7 50. d8Q Kf7 51. Qd7+ Kf6 52. h8Q# 1-0

[Event "Titled Tuesday intern op 04th Jul Late"]
[Site "Chess.com INT"]
[Date "2023.07.04"]
[Round "5"]
[White "Luong, Phuong Hanh"]
[Black "Sun, Rick"]
[Result "1-0"]
[WhiteElo "2100"]
[BlackElo "2139"]
[PlyCount "95"]
[EventDate "2023.07.04"]
[EventType "swiss (blitz)"]
[EventRounds "11"]
[EventCountry "USA"]
[SourceTitle "EXT 2024"]
[Source "ChessBase"]
[SourceDate "2023.10.10"]
[SourceVersion "1"]
[SourceVersionDate "2023.10.10"]
[SourceQuality "1"]

1. d4 d6 2. Nf3 Nf6 3. g3 g6 4. Bg2 Bg7 5. 0-0 0-0 6. a4 Nbd7 7. Nc3 c5 8. e4 a6 9. Re1 cxd4 10. Nxd4 Rb8 11. h3 Nc5 12. Be3 Bd7 13. Qe2 Qa5 14. Kh2 Rfc8 15. f4 Ne6 16. Nb3 Qh5 17. Bf3 Qh6 18. f5 g5 19. fxe6 Bxe6 20. h4 Qg6 21. Bxg5 h6 22. Bxf6 Bxf6 23. Bh5 Qg7 24. Rg1 Be5 25. Raf1 Rc4 26. Nd5 Bxd5 27. Nd2 Rd4 28. c3 Rxd2 29. Qxd2 Bxe4 30. Rxf7 Qxf7 31. Bxf7+ Kxf7 32. Qxh6 Bf6 33. Qf4 Rh8 34. Qxe4 d5 35. Qxd5+ Kg7 36. Rf1 Rh6 37. Qxb7 Rh5 38. Rxf6 Kxf6 39. Qf3+ Kg7 40. Qxh5 e5 41. Qxe5+ Kg6 42. h5+ Kh6 43. g4 a5 44. Kh3 Kh7 45. Kh4 Kg8 46. Qe7 Kh8 47. h6 Kg8 48. Qg7# 1-0

[Event "Titled Tuesday intern op 04th Jul Late"]
[Site "Chess.com INT"]
[Date "2023.07.04"]
[Round "4"]
[White "Sun, Rick"]
[Black "Baches Garcia, Guillermo"]
[Result "1-0"]
[WhiteElo "2139"]
[BlackElo "2327"]
[PlyCount "65"]
[EventDate "2023.07.04"]
[EventType "swiss (blitz)"]
[EventRounds "11"]
[EventCountry "USA"]
[SourceTitle "EXT 2024"]
[Source "ChessBase"]
[SourceDate "2023.10.10"]
[SourceVersion "1"]
[SourceVersionDate "2023.10.10"]
[SourceQuality "1"]

1. d4 d5 2. Nc3 Nf6 3. Bf4 c5 4. e3 cxd4 5. exd4 a6 6. Nf3 Nc6 7. h3 e6 8. Bd3 Bd6 9. Bg5 h6 10. Bh4 Qb6 11. 0-0 Qxb2 12. Na4 Qb4 13. c3 Qa5 14. Qb3 b5 15. Nc5 Bxc5 16. dxc5 Nd7 17. Rfe1 0-0 18. Bb1 Nxc5 19. Qc2 Ne4 20. Rxe4 dxe4 21. Qxe4 g6 22. Bf6 Qa4 23. Qxc6 Ra7 24. Qc5 Rd7 25. Qe3 Kh7 26. Be4 Rd1+ 27. Rxd1 Qxd1+ 28. Kh2 Qd6+ 29. g3 Qd7 30. Ne5 Qc7 31. Qf4 Bb7 32. Bb1 Qxc3 33. Ng4 1-0

[Event "Titled Tuesday intern op 04th Jul Late"]
[Site "Chess.com INT"]
[Date "2023.07.04"]
[Round "8"]
[White "Sun, Rick"]
[Black "Reprintsev, Alexander"]
[Result "0-1"]
[WhiteElo "2139"]
[BlackElo "2225"]
[PlyCount "106"]
[EventDate "2023.07.04"]
[EventType "swiss (blitz)"]
[EventRounds "11"]
[EventCountry "USA"]
[SourceTitle "EXT 2024"]
[Source "ChessBase"]
[SourceDate "2023.10.10"]
[SourceVersion "1"]
[SourceVersionDate "2023.10.10"]
[SourceQuality "1"]

1. e4 d5 2. exd5 Qxd5 3. Nc3 Qd6 4. Nf3 Bg4 5. Be2 Nc6 6. h3 Bh5 7. Ne4 Qd5 8. Ng3 Bg6 9. 0-0 e5 10. d4 exd4 11. c3 0-0-0 12. cxd4 Bd6 13. Qa4 Bxg3 14. fxg3 Nxd4 15. Qxa7 Nxe2+ 16. Kh2 Nf6 17. Bf4 Nxf4 18. gxf4 b6 19. Ne5 Qb7 20. Qa4 Rd6 21. Rac1 Rhd8 22. Rf2 Ne4 23. Re2 Nc5 24. Qa3 f6 25. Nf3 Be4 26. Ne1 f5 27. Qe3 g5 28. b4 Ne6 29. fxg5 Qd5 30. Nc2 Qe5+ 31. Kh1 Nf4 32. Rf2 Nxg2 33. Rxg2 Bxg2+ 34. Kxg2 Qxe3 35. Nxe3 Rd2+ 36. Kf3 R8d3 37. Kf4 Rf2+ 38. Kg3 Re2 39. Kf4 Rdxe3 40. Kxf5 Rxh3 41. b5 Rf3+ 42. Kg4 Ra3 43. Rh1 Re7 44. Kf5 Rf3+ 45. Kg4 Rf2 46. Kg3 Rxa2 47. Rf1 Kb7 48. Kg4 Ra4+ 49. Kh5 Re5 50. Rh1 Ra5 51. Kh6 Raxb5 52. Kxh7 Rxg5 53. Kh6 Rh5+ 0-1

[Event "Titled Tuesday intern op 04th Jul Late"]
[Site "Chess.com INT"]
[Date "2023.07.04"]
[Round "6"]
[White "Sun, Rick"]
[Black "Shapiro, Viktor"]
[Result "0-1"]
[WhiteElo "2139"]
[BlackElo "2144"]
[PlyCount "76"]
[EventDate "2023.07.04"]
[EventType "swiss (blitz)"]
[EventRounds "11"]
[EventCountry "USA"]
[SourceTitle "EXT 2024"]
[Source "ChessBase"]
[SourceDate "2023.10.10"]
[SourceVersion "1"]
[SourceVersionDate "2023.10.10"]
[SourceQuality "1"]

1. e4 c5 2. Nf3 d6 3. d4 cxd4 4. Nxd4 Nf6 5. Nc3 a6 6. Bg5 e6 7. f3 Qc7 8. Qd2 Nbd7 9. 0-0-0 Be7 10. Kb1 b5 11. g4 Bb7 12. h4 b4 13. Nce2 d5 14. exd5 Bxd5 15. Nf4 h6 16. Nxd5 Nxd5 17. Bxe7 Nxe7 18. Bd3 Nc5 19. g5 Nd5 20. g6 0-0 21. gxf7+ Rxf7 22. Bg6 Rd7 23. Rhg1 Nf4 24. Qe3 Rad8 25. Rg4 e5 26. Rdg1 Rxd4 27. Bd3 R4d7 28. Bc4+ Kh8 29. b3 Rd1+ 30. Kb2 Rxg1 31. Rxg1 Qd6 32. Qf2 e4 33. a3 Qe5+ 34. Ka2 a5 35. Rg4 Rf8 36. fxe4 Nxe4 37. Qa7 Nc3+ 38. Ka1 Nb5+ 0-1

[Event "Titled Tuesday intern op 04th Jul Late"]
[Site "Chess.com INT"]
[Date "2023.07.04"]
[Round "1"]
[White "Svicevic, Rastko"]
[Black "Sun, Rick"]
[Result "0-1"]
[WhiteElo "2154"]
[BlackElo "2139"]
[PlyCount "40"]
[EventDate "2023.07.04"]
[EventType "swiss (blitz)"]
[EventRounds "11"]
[EventCountry "USA"]
[SourceTitle "EXT 2024"]
[Source "ChessBase"]
[SourceDate "2023.10.10"]
[SourceVersion "1"]
[SourceVersionDate "2023.10.10"]
[SourceQuality "1"]

1. e4 d6 2. d4 Nf6 3. Nc3 Nbd7 4. f4 e5 5. Nf3 exd4 6. Nxd4 g6 7. Be3 Bg7 8. Be2 0-0 9. 0-0 Re8 10. Bf3 Nc5 11. e5 dxe5 12. fxe5 Rxe5 13. Bf4 Re8 14. Kh1 c6 15. h3 Ne6 16. Be5 Ng5 17. Bh2 Nxf3 18. Rxf3 Qb6 19. Nb3 Be6 20. Qf1 Nd5 0-1

[Event "Titled Tuesday intern op 27th Jun Late"]
[Site "Chess.com INT"]
[Date "2023.06.27"]
[Round "10"]
[White "Sun, Rick"]
[Black "Hernando Rodrigo, Julio Antonio"]
[Result "1-0"]
[WhiteElo "2139"]
[BlackElo "2240"]
[PlyCount "59"]
[EventDate "2023.06.27"]
[EventType "swiss (blitz)"]
[EventRounds "11"]
[EventCountry "USA"]
[SourceTitle "EXT 2024"]
[Source "ChessBase"]
[SourceDate "2023.10.10"]
[SourceVersion "1"]
[SourceVersionDate "2023.10.10"]
[SourceQuality "1"]

1. d4 e6 2. e4 d5 3. exd5 exd5 4. Nf3 Bd6 5. Bd3 Ne7 6. c4 dxc4 7. Bxc4 0-0 8. 0-0 Bg4 9. Nc3 Nbc6 10. Bg5 Qd7 11. Re1 Ng6 12. Ne4 Bb4 13. Re3 Bxf3 14. Qxf3 Nxd4 15. Qh5 Rfe8 16. Rh3 Qxh3 17. Qxh3 Rxe4 18. Bd3 Ree8 19. Be3 Rad8 20. a3 Ba5 21. Rd1 Bb6 22. Kf1 c5 23. Bb1 a5 24. Re1 a4 25. Qg3 Ba5 26. Rc1 b6 27. Ba2 Re7 28. h4 Ne5 29. h5 Nd3 30. Bxd4 1-0

[Event "Titled Tuesday intern op 27th Jun Late"]
[Site "Chess.com INT"]
[Date "2023.06.27"]
[Round "8"]
[White "Sun, Rick"]
[Black "Pinto, Daniel"]
[Result "1-0"]
[WhiteElo "2139"]
[BlackElo "2274"]
[PlyCount "85"]
[EventDate "2023.06.27"]
[EventType "swiss (blitz)"]
[EventRounds "11"]
[EventCountry "USA"]
[SourceTitle "EXT 2024"]
[Source "ChessBase"]
[SourceDate "2023.10.10"]
[SourceVersion "1"]
[SourceVersionDate "2023.10.10"]
[SourceQuality "1"]

1. d4 Nf6 2. Nc3 c5 3. d5 d6 4. e4 g6 5. Nf3 Bg7 6. Bb5+ Nfd7 7. a4 0-0 8. h4 Nf6 9. h5 Bg4 10. hxg6 fxg6 11. Be3 Nbd7 12. Qd2 Bxf3 13. gxf3 Ne5 14. Be2 Rb8 15. Bh6 Nh5 16. Be3 Nxf3+ 17. Bxf3 Rxf3 18. 0-0-0 Qd7 19. Qe2 Rbf8 20. Rdg1 Nf4 21. Qd1 Nh3 22. Rg3 Rxg3 23. fxg3 Nf2 24. Bxf2 Rxf2 25. Qe1 Bd4 26. Rf1 Rxf1 27. Qxf1 Qg4 28. Ne2 Be3+ 29. Kb1 Qxe4 30. Nc3 Qf5 31. Qb5 b6 32. Qe8+ Qf8 33. Qd7 Bd4 34. Ne4 Qf1+ 35. Ka2 Qf7 36. c4 h6 37. Qxa7 Kg7 38. Qxb6 g5 39. a5 Qf5 40. a6 Qxe4 41. a7 Qc2 42. Qb3 Qxb3+ 43. Kxb3 1-0

[Event "Titled Tuesday intern op 27th Jun Late"]
[Site "Chess.com INT"]
[Date "2023.06.27"]
[Round "4"]
[White "Sun, Rick"]
[Black "Suleymanli, Aydin Elshan"]
[Result "0-1"]
[WhiteElo "2139"]
[BlackElo "2586"]
[PlyCount "44"]
[EventDate "2023.06.27"]
[EventType "swiss (blitz)"]
[EventRounds "11"]
[EventCountry "USA"]
[SourceTitle "EXT 2024"]
[Source "ChessBase"]
[SourceDate "2023.10.10"]
[SourceVersion "1"]
[SourceVersionDate "2023.10.10"]
[SourceQuality "1"]

1. d4 Nf6 2. Nc3 d6 3. e4 a6 4. f3 g6 5. Be3 b5 6. Qd2 h5 7. 0-0-0 Nc6 8. Kb1 Bg7 9. h4 e5 10. Nce2 0-0 11. Bh6 Bxh6 12. Qxh6 exd4 13. Nf4 Qe7 14. Ngh3 Re8 15. Nd5 Nxd5 16. exd5 Ne5 17. g4 hxg4 18. Nf4 gxf3 19. Nh5 gxh5 20. Rg1+ Bg4 21. Rxd4 f5 22. Qxh5 Qg7 0-1